000
00313nam a22001457a 4500
008
210519b ||||| |||| 00| 0 eng d
020
_a
9781465408419
041
_a
eng
080
_a
91
082
_a
91
100
_a
42
101
_a
GJEO
245
_a
The Conquest of the Ocean
_c
Lavery,B
942
_2
udc
_c
BK
999
_c
57472
_d
57472